|
|
|
|
| LEADER |
01163njm a2200313 a 4500 |
| 001 |
000293051 |
| 003 |
CZ BrMZK |
| 005 |
19950101143423.0 |
| 008 |
950101s1994 xr f cze d |
| 028 |
0 |
3 |
|a 11 2593-4 811
|b Supraphon
|
| 040 |
|
|
|a BOA001
|b cze
|
| 080 |
|
|
|a 78.082.1"19"(086.7)
|2 MRF
|
| 100 |
1 |
|
|a Jiráň, Jan,
|d 1957-
|7 jn20000401255
|4 aut
|
| 245 |
1 |
0 |
|a Zmatky Hanuše Hanuše /
|c Jan Jiráň, Marian Palla
|h [zvukový záznam]. Symfonie Hanuše Hanuše / Zdeněk Zdeněk.
|
| 260 |
|
|
|a Praha :
|b Supraphon,
|c p1994
|
| 300 |
|
|
|a 1 MC :
|b stereo +
|e 1 slož. list.
|
| 306 |
|
|
|a 005217
|
| 500 |
|
|
|a Nahr. 1994
|
| 500 |
|
|
|a Durata 52:17
|
| 511 |
0 |
|
|a Účinkují: Jiří Lábus, Svatopluk Beneš.
|
| 653 |
0 |
|
|a symfonie
|
| 700 |
1 |
|
|a Beneš, Svatopluk,
|d 1918-2007
|7 jn19990218005
|4 nrt
|
| 700 |
1 |
|
|a Lábus, Jiří,
|d 1950-
|7 jn19990209472
|4 nrt
|
| 700 |
1 |
|
|a Palla, Marian,
|d 1953-
|7 jn19990218082
|4 aut
|
| 700 |
1 |
|
|a Zdeněk, Zdeněk,
|d 1960-
|7 jn19990210835
|4 cmp
|
| 910 |
|
|
|a BOA001
|b KZ-0003.234
|
| 964 |
|
|
|a Symfonie
|z stol.20.,pol.2.
|x MC
|
| 990 |
|
|
|a AV
|
| 996 |
6 |
|
|b 261H003270
|c KZ-0003.234
|l MZK
|r Sklad / do 24 hodin
|n 0
|w 000293051
|u 000010
|a 1
|e BOA001
|j MZK50
|s P
|